[Event "FICGS class A 000201 email"]
[Site "FICGS email"]
[Date "2018.11.29"]
[Round "1"]
[White "Cadena, Oscar"]
[Black "Oortwijn, Ron"]
[Result "0-1"]
[WhiteElo "2000"]
[BlackElo "2084"]
[PlyCount "28"]
[EventDate "2018.??.??"]
[EventType "tourn (corr)"]
[EventRounds "6"]
[SourceTitle "Corr 2022"]
[Source "ChessBase"]
[SourceDate "2021.10.24"]
[SourceVersion "1"]
[SourceVersionDate "2021.10.24"]
[SourceQuality "1"]

1. e4 c5 2. Nf3 Nc6 3. d4 cxd4 4. Nxd4 Nf6 5. Nc3 e5 6. Ndb5 d6 7. Bg5 a6 8. Na3 b5 9. Nd5 Be7 10. Bxf6 Bxf6 11. c3 Bg5 12. Nc2 Rb8 13. a4 bxa4 14. Ncb4 Nxb4 0-1

[Event "FICGS class A 000178 email"]
[Site "FICGS email"]
[Date "2017.06.07"]
[Round "1"]
[White "Oortwijn, Ron"]
[Black "Kireev, Sergey Ivanovich"]
[Result "1/2-1/2"]
[WhiteElo "2058"]
[BlackElo "2197"]
[PlyCount "56"]
[EventDate "2017.??.??"]
[EventType "tourn (corr)"]
[EventRounds "6"]
[SourceTitle "Corr 2022"]
[Source "ChessBase"]
[SourceDate "2021.10.24"]
[SourceVersion "1"]
[SourceVersionDate "2021.10.24"]
[SourceQuality "1"]

1. e4 e5 2. Nf3 Nc6 3. Bb5 a6 4. Ba4 Nf6 5. 0-0 Be7 6. Re1 b5 7. Bb3 0-0 8. c3 d5 9. d4 exd4 10. e5 Ne4 11. cxd4 Bf5 12. Nc3 Nxc3 13. bxc3 Na5 14. Bc2 Bxc2 15. Qxc2 Nc4 16. a4 c6 17. Nd2 c5 18. dxc5 Bxc5 19. Nxc4 dxc4 20. Qe4 Qa5 21. Ba3 Bxa3 22. Rxa3 Rad8 23. e6 fxe6 24. Qxe6+ Kh8 25. h3 h6 26. Rea1 b4 27. cxb4 Qxb4 28. Rg3 Qc5 1/2-1/2

[Event "FICGS class A 000178 email"]
[Site "FICGS email"]
[Date "2017.06.07"]
[Round "1"]
[White "Sorbi, Luca"]
[Black "Oortwijn, Ron"]
[Result "1/2-1/2"]
[WhiteElo "2039"]
[BlackElo "2058"]
[PlyCount "96"]
[EventDate "2017.??.??"]
[EventType "tourn (corr)"]
[EventRounds "6"]
[SourceTitle "Corr 2022"]
[Source "ChessBase"]
[SourceDate "2021.10.24"]
[SourceVersion "1"]
[SourceVersionDate "2021.10.24"]
[SourceQuality "1"]

1. e4 c5 2. Nf3 Nc6 3. d4 cxd4 4. Nxd4 Nf6 5. Nc3 e5 6. Ndb5 d6 7. Bg5 a6 8. Na3 b5 9. Nd5 Be7 10. Bxf6 Bxf6 11. c3 0-0 12. Nc2 Bg5 13. a4 bxa4 14. Rxa4 a5 15. Bc4 Rb8 16. b3 Kh8 17. Nce3 Ne7 18. Nxe7 Qxe7 19. Nd5 Qd8 20. 0-0 f5 21. exf5 Bxf5 22. Qe2 Bd7 23. Ra2 Be6 24. Rd1 Rc8 25. g3 Bh6 26. h4 Rc6 27. Qe4 Bf5 28. Qe1 g6 29. Ne3 Qc7 30. Nxf5 gxf5 31. Rd5 Rc5 32. Qd1 f4 33. Rxd6 fxg3 34. Rd7 Qb6 35. Qd3 gxf2+ 36. Rxf2 Qg6+ 37. Rg2 Qxd3 38. Bxd3 Be3+ 39. Kh2 e4 40. Bxe4 Bf4+ 41. Kg1 Be3+ 42. Kh2 Bf4+ 43. Kh1 Rh5 44. Rg4 Bg3 45. Rxh7+ Rxh7 46. Bxh7 Be1 47. Be4 Bxc3 48. Kg1 Rb8 1/2-1/2

[Event "FICGS class A 000164 email"]
[Site "FICGS email"]
[Date "2015.09.03"]
[Round "1"]
[White "Lobanov, Alex"]
[Black "Oortwijn, Ron"]
[Result "1-0"]
[WhiteElo "2157"]
[BlackElo "2031"]
[PlyCount "107"]
[EventDate "2015.??.??"]
[EventType "tourn (corr)"]
[EventRounds "6"]
[SourceTitle "Corr 2022"]
[Source "ChessBase"]
[SourceDate "2021.10.24"]
[SourceVersion "1"]
[SourceVersionDate "2021.10.24"]
[SourceQuality "1"]

1. d4 Nf6 2. c4 g6 3. Nc3 Bg7 4. e4 d6 5. Nf3 0-0 6. h3 e5 7. d5 Nh5 8. g3 f5 9. exf5 gxf5 10. Nh4 Nf6 11. Bg5 Qe8 12. Bd3 e4 13. Be2 Nfd7 14. 0-0 Ne5 15. Bh5 Qd7 16. f3 exf3 17. Nxf3 Na6 18. Qe2 f4 19. gxf4 Qxh3 20. fxe5 Qxh5 21. e6 Rxf3 22. Rxf3 Qxg5+ 23. Qg2 Qxg2+ 24. Kxg2 Bxe6 25. dxe6 Re8 26. Re1 Be5 27. Nd5 Rxe6 28. Nf4 Rh6 29. Nd3 Bf6 30. Re8+ Kg7 31. b3 Nc5 32. Rc8 Ne6 33. Nf4 Nxf4+ 34. Rxf4 c6 35. Rc7+ Kg6 36. Rf3 Rh4 37. Rxb7 Bd4 38. Rh3 Rf4 39. Rd7 Bc5 40. Rg3+ Kf5 41. Rf7+ Ke5 42. Rxf4 Kxf4 43. Rh3 a5 44. Rxh7 Ke4 45. Kf1 Kd4 46. Rh3 Bb4 47. Ke2 d5 48. Rh6 Kc5 49. Kd3 dxc4+ 50. bxc4 Kb6 51. Rf6 Kc5 52. Rf5+ Kb6 53. Ke4 Be7 54. Ke5 1-0

[Event "RA-2015-0-00381"]
[Site "LSS email"]
[Date "2015.03.16"]
[Round "?"]
[White "Oortwijn, Ron"]
[Black "Khanas, Valeriy"]
[Result "1/2-1/2"]
[WhiteElo "2161"]
[BlackElo "2290"]
[PlyCount "55"]
[EventDate "2015.02.10"]
[EventType "tourn (corr)"]
[EventRounds "6"]
[EventCountry "GER"]
[SourceTitle "Corr 2022"]
[Source "ChessBase"]
[SourceDate "2021.10.24"]
[SourceVersion "1"]
[SourceVersionDate "2021.10.24"]
[SourceQuality "1"]

1. e4 c5 2. Nf3 d6 3. d4 cxd4 4. Nxd4 Nf6 5. Nc3 a6 6. Be3 e5 7. Nb3 Be6 8. Qd2 Be7 9. f3 0-0 10. 0-0-0 Nbd7 11. g4 b5 12. g5 b4 13. Ne2 Ne8 14. f4 a5 15. f5 a4 16. fxe6 axb3 17. cxb3 fxe6 18. Bh3 Rxa2 19. Bxe6+ Kh8 20. Ng3 Nc7 21. Bc4 Qa8 22. Rhf1 Rxf1 23. Rxf1 Ra1+ 24. Kc2 Rxf1 25. Bxf1 d5 26. exd5 Nxd5 27. h4 Nxe3+ 28. Qxe3 1/2-1/2

[Event "RA-2015-0-00381"]
[Site "LSS email"]
[Date "2015.03.14"]
[Round "?"]
[White "Kazimierski, Tomasz"]
[Black "Oortwijn, Ron"]
[Result "1-0"]
[WhiteElo "2089"]
[BlackElo "2161"]
[PlyCount "57"]
[EventDate "2015.02.10"]
[EventType "tourn (corr)"]
[EventRounds "6"]
[EventCountry "GER"]
[SourceTitle "Corr 2022"]
[Source "ChessBase"]
[SourceDate "2021.10.24"]
[SourceVersion "1"]
[SourceVersionDate "2021.10.24"]
[SourceQuality "1"]

1. e4 c5 2. Nf3 Nc6 3. Bb5 e6 4. Nc3 Nge7 5. d4 cxd4 6. Nxd4 g6 7. Nxc6 Nxc6 8. Bf4 Bg7 9. Bxc6 bxc6 10. Bd6 Qb6 11. Rb1 Qd4 12. 0-0 g5 13. Qxd4 Bxd4 14. e5 Bxc3 15. bxc3 h5 16. Rfe1 Rh6 17. Re3 a5 18. c4 f6 19. exf6 Rxf6 20. Rh3 Rh6 21. Rf3 Rh8 22. h4 gxh4 23. Rf4 Rg8 24. Rb3 Ba6 25. Rbf3 0-0-0 26. Rb3 Bb7 27. Rxh4 e5 28. Re4 Rg6 29. c5 1-0

[Event "FICGS W-ch st1 g01 email"]
[Site "FICGS email"]
[Date "2014.11.01"]
[Round "1"]
[White "Oortwijn, Ron"]
[Black "Ellis, Maurice"]
[Result "1/2-1/2"]
[WhiteElo "2014"]
[BlackElo "1884"]
[PlyCount "72"]
[EventDate "2014.??.??"]
[EventType "tourn (corr)"]
[EventRounds "8"]
[SourceTitle "Corr 2022"]
[Source "ChessBase"]
[SourceDate "2021.10.24"]
[SourceVersion "1"]
[SourceVersionDate "2021.10.24"]
[SourceQuality "1"]

1. e4 c5 2. Nf3 Nc6 3. d4 cxd4 4. Nxd4 Nf6 5. Nc3 d6 6. Bg5 e6 7. Qd2 a6 8. 0-0-0 Bd7 9. f4 b5 10. Bxf6 gxf6 11. Kb1 Qb6 12. Nxc6 Bxc6 13. f5 h5 14. Qe1 b4 15. Nd5 Bxd5 16. exd5 e5 17. Bc4 Bh6 18. Qe2 h4 19. Rd3 Ke7 20. Rb3 a5 21. Bb5 Rag8 22. a3 Qd4 23. axb4 axb4 24. Rd1 Qg4 25. Qe1 Rb8 26. Rxb4 Qxg2 27. Bc6 Rxb4 28. Qxb4 Be3 29. Rd3 Bc5 30. Qb7+ Kf8 31. Be8 Rh7 32. Qc8 Kg7 33. Bxf7 Kxf7 34. Rb3 Qh1+ 35. Ka2 Qxd5 36. Kb1 Qd1+ 1/2-1/2

[Event "FICGS class A 000148 email"]
[Site "FICGS email"]
[Date "2014.01.03"]
[Round "1"]
[White "Sorcinelli, Andrea"]
[Black "Oortwijn, Ron"]
[Result "1/2-1/2"]
[WhiteElo "2000"]
[BlackElo "2009"]
[PlyCount "58"]
[EventDate "2014.??.??"]
[EventType "tourn (corr)"]
[EventRounds "6"]
[SourceTitle "Corr 2022"]
[Source "ChessBase"]
[SourceDate "2021.10.24"]
[SourceVersion "1"]
[SourceVersionDate "2021.10.24"]
[SourceQuality "1"]

1. e4 e5 2. Nf3 Nc6 3. Bb5 a6 4. Ba4 Nf6 5. 0-0 Be7 6. Re1 b5 7. Bb3 0-0 8. c3 d6 9. h3 Bb7 10. d4 Re8 11. Nbd2 Bf8 12. a3 h6 13. Bc2 d5 14. exd5 Qxd5 15. Ne4 exd4 16. Nxf6+ gxf6 17. Qd3 Rxe1+ 18. Nxe1 f5 19. Qg3+ Kh8 20. Bf4 dxc3 21. bxc3 Bg7 22. Rd1 Qc4 23. Bxf5 Qxc3 24. Qxc3 Bxc3 25. Nd3 Nd4 26. Bg4 Rg8 27. Nc5 Bc8 28. Be5+ Kh7 29. Bxc8 Ne2+ 1/2-1/2

[Event "FICGS class A 000138 email"]
[Site "FICGS email"]
[Date "2013.04.27"]
[Round "1"]
[White "Kopasov, Evgeny Aleksandrovi"]
[Black "Oortwijn, Ron"]
[Result "1/2-1/2"]
[WhiteElo "2136"]
[BlackElo "2064"]
[PlyCount "51"]
[EventDate "2013.??.??"]
[EventType "tourn (corr)"]
[EventRounds "6"]
[SourceTitle "Corr 2022"]
[Source "ChessBase"]
[SourceDate "2021.10.24"]
[SourceVersion "1"]
[SourceVersionDate "2021.10.24"]
[SourceQuality "1"]

1. d4 Nf6 2. c4 g6 3. Nc3 d5 4. cxd5 Nxd5 5. e4 Nxc3 6. bxc3 Bg7 7. Nf3 c5 8. Rb1 0-0 9. Be2 cxd4 10. cxd4 Qa5+ 11. Bd2 Qxa2 12. 0-0 Bg4 13. Bg5 h6 14. Be3 Nc6 15. d5 Bxf3 16. gxf3 Nd4 17. Bxd4 Bxd4 18. Qxd4 Qxe2 19. Kg2 Qa6 20. Rfc1 Rfc8 21. Rxc8+ Rxc8 22. Ra1 Qb5 23. Rxa7 f6 24. Qa4 Qxa4 25. Rxa4 Rc5 26. Ra8+ 1/2-1/2

[Event "FICGS class A 000138 email"]
[Site "FICGS email"]
[Date "2013.04.27"]
[Round "1"]
[White "Nenciulescu, Silviu"]
[Black "Oortwijn, Ron"]
[Result "1-0"]
[WhiteElo "2025"]
[BlackElo "2064"]
[PlyCount "89"]
[EventDate "2013.??.??"]
[EventType "tourn (corr)"]
[EventRounds "6"]
[SourceTitle "Corr 2022"]
[Source "ChessBase"]
[SourceDate "2021.10.24"]
[SourceVersion "1"]
[SourceVersionDate "2021.10.24"]
[SourceQuality "1"]

1. d4 Nf6 2. c4 g6 3. Nc3 d5 4. cxd5 Nxd5 5. e4 Nxc3 6. bxc3 Bg7 7. Nf3 c5 8. Rb1 0-0 9. Be2 cxd4 10. cxd4 Qa5+ 11. Bd2 Qxa2 12. 0-0 Bg4 13. Bg5 h6 14. Be3 Nc6 15. d5 Bxf3 16. gxf3 Nd4 17. Bd3 a5 18. f4 Rfd8 19. Rxb7 e6 20. Qg4 Rab8 21. Rxb8 Rxb8 22. Rc1 exd5 23. f5 h5 24. Qd1 dxe4 25. Bc4 Qb2 26. fxg6 Nf3+ 27. Kf1 Kh8 28. gxf7 Qf6 29. Qd7 Qg6 30. Be6 Rf8 31. h3 a4 32. Qe7 Rb8 33. Qd6 Rf8 34. Ke2 a3 35. Rc5 Rxf7 36. Rc8+ Kh7 37. Qd5 a2 38. Qxa2 Rf8 39. Qd5 Nh4 40. Rc6 Kh8 41. Rc5 Nf3 42. Qxh5+ Qh7 43. Bf7 Bd4 44. Bg6 Qxh5 45. Rxh5+ 1-0

[Event "FICGS class A 000138 email"]
[Site "FICGS email"]
[Date "2013.04.27"]
[Round "1"]
[White "Oortwijn, Ron"]
[Black "Tanda, Giovanni"]
[Result "1/2-1/2"]
[WhiteElo "2064"]
[BlackElo "2073"]
[PlyCount "49"]
[EventDate "2013.??.??"]
[EventType "tourn (corr)"]
[EventRounds "6"]
[SourceTitle "Corr 2022"]
[Source "ChessBase"]
[SourceDate "2021.10.24"]
[SourceVersion "1"]
[SourceVersionDate "2021.10.24"]
[SourceQuality "1"]

1. e4 c6 2. d4 d5 3. e5 c5 4. dxc5 e6 5. Nf3 Bxc5 6. Bd3 Nc6 7. 0-0 Nge7 8. Qe2 Ng6 9. c3 0-0 10. Re1 Qb6 11. a4 a6 12. Be3 Bxe3 13. Qxe3 Qxe3 14. Rxe3 Bd7 15. Nbd2 Rfc8 16. a5 Nf4 17. Bf1 Ne7 18. g3 Nfg6 19. Nb3 Nf5 20. Ree1 h5 21. Nfd4 Nge7 22. f4 Nxd4 23. Nxd4 Kf8 24. Be2 g6 25. Kf2 1/2-1/2

[Event "FICGS class A 000135 email"]
[Site "FICGS email"]
[Date "2013.02.02"]
[Round "1"]
[White "Oortwijn, Ron"]
[Black "Palamarchuk, Oleg"]
[Result "1/2-1/2"]
[WhiteElo "2067"]
[BlackElo "2054"]
[PlyCount "63"]
[EventDate "2013.??.??"]
[EventType "tourn (corr)"]
[EventRounds "6"]
[SourceTitle "Corr 2022"]
[Source "ChessBase"]
[SourceDate "2021.10.24"]
[SourceVersion "1"]
[SourceVersionDate "2021.10.24"]
[SourceQuality "1"]

1. e4 c5 2. c3 e6 3. Nf3 Nf6 4. e5 Nd5 5. d4 cxd4 6. cxd4 d6 7. Bc4 Nc6 8. 0-0 Be7 9. Qe2 0-0 10. Re1 Qb6 11. Qe4 Bd7 12. Nbd2 dxe5 13. dxe5 Bc5 14. Rf1 Nce7 15. Nb3 Rac8 16. Bd2 Bb4 17. Rfd1 Bxd2 18. Rxd2 Ng6 19. Nh4 f5 20. Qd4 Qxd4 21. Rxd4 Nge7 22. Nf3 h6 23. Na5 Rc7 24. Bb3 g5 25. Nc4 Nf4 26. Rd2 Bc6 27. Nd4 Bxg2 28. Nxe6 Nxe6 29. Kxg2 Nc5 30. Ne3+ Nxb3 31. axb3 a6 32. Rad1 1/2-1/2

[Event "FICGS class A 000135 email"]
[Site "FICGS email"]
[Date "2013.02.02"]
[Round "1"]
[White "Oortwijn, Ron"]
[Black "Tkac, Matus"]
[Result "1/2-1/2"]
[WhiteElo "2067"]
[BlackElo "2000"]
[PlyCount "40"]
[EventDate "2013.??.??"]
[EventType "tourn (corr)"]
[EventRounds "6"]
[SourceTitle "Corr 2022"]
[Source "ChessBase"]
[SourceDate "2021.10.24"]
[SourceVersion "1"]
[SourceVersionDate "2021.10.24"]
[SourceQuality "1"]

1. e4 e5 2. Nf3 Nc6 3. Bc4 Bc5 4. c3 Nf6 5. d3 a6 6. 0-0 d6 7. d4 Ba7 8. dxe5 Nxe5 9. Nxe5 dxe5 10. Qxd8+ Kxd8 11. Nd2 Ke7 12. Nf3 Nd7 13. b3 f6 14. Rd1 Rd8 15. a4 Nc5 16. Rxd8 Kxd8 17. Nd2 Bd7 18. Kf1 Ke8 19. f3 Rd8 20. Ke1 Be6 1/2-1/2

[Event "FICGS class A 000127 email"]
[Site "FICGS email"]
[Date "2012.09.22"]
[Round "1"]
[White "Deline, Ralph"]
[Black "Oortwijn, Ron"]
[Result "1/2-1/2"]
[WhiteElo "2162"]
[BlackElo "2077"]
[PlyCount "46"]
[EventDate "2012.??.??"]
[EventType "tourn (corr)"]
[EventRounds "6"]
[SourceTitle "Corr 2022"]
[Source "ChessBase"]
[SourceDate "2021.10.24"]
[SourceVersion "1"]
[SourceVersionDate "2021.10.24"]
[SourceQuality "1"]

1. e4 c6 2. d4 d5 3. exd5 cxd5 4. c4 Nf6 5. Nc3 Nc6 6. Bg5 dxc4 7. Bxc4 e6 8. Nf3 Be7 9. 0-0 0-0 10. Rc1 h6 11. Be3 b6 12. Qe2 Bb7 13. Rfd1 Bd6 14. d5 exd5 15. Nxd5 Na5 16. Nxf6+ Qxf6 17. Bd5 Bxd5 18. Rxd5 Rad8 19. Rd4 Bb8 20. Re4 Rde8 21. Bd4 Qf4 22. Re3 Rxe3 23. Qxe3 Qxe3 1/2-1/2

[Event "FICGS class A 000121 email"]
[Site "FICGS email"]
[Date "2012.05.11"]
[Round "1"]
[White "Oortwijn, Ron"]
[Black "Basant, Neel"]
[Result "1/2-1/2"]
[WhiteElo "2067"]
[BlackElo "2000"]
[PlyCount "51"]
[EventDate "2012.??.??"]
[EventType "tourn (corr)"]
[EventRounds "6"]
[SourceTitle "Corr 2022"]
[Source "ChessBase"]
[SourceDate "2021.10.24"]
[SourceVersion "1"]
[SourceVersionDate "2021.10.24"]
[SourceQuality "1"]

1. d4 e6 2. c4 Nf6 3. Nc3 d5 4. Nf3 Bb4 5. Bg5 h6 6. Bxf6 Qxf6 7. e3 0-0 8. Rc1 Nc6 9. Qb3 a5 10. a3 a4 11. Qc2 Ba5 12. Nd2 Re8 13. Be2 Bxc3 14. bxc3 Bd7 15. 0-0 Na5 16. Rb1 c5 17. Qa2 dxc4 18. Nxc4 Bc6 19. Nb6 Qg6 20. f3 Qg5 21. Nxa8 Qxe3+ 22. Kh1 Rxa8 23. Bb5 Qxc3 24. Bxc6 bxc6 25. dxc5 Qxc5 26. Rfd1 1/2-1/2

[Event "FICGS class A 000121 email"]
[Site "FICGS email"]
[Date "2012.05.11"]
[Round "1"]
[White "Oortwijn, Ron"]
[Black "Puzanov, Vasyl"]
[Result "1-0"]
[WhiteElo "2067"]
[BlackElo "2120"]
[PlyCount "27"]
[EventDate "2012.??.??"]
[EventType "tourn (corr)"]
[EventRounds "6"]
[SourceTitle "Corr 2022"]
[Source "ChessBase"]
[SourceDate "2021.10.24"]
[SourceVersion "1"]
[SourceVersionDate "2021.10.24"]
[SourceQuality "1"]

1. d4 d5 2. c4 e6 3. Nc3 Nf6 4. Bg5 Be7 5. e3 c6 6. Nf3 Nbd7 7. Rc1 0-0 8. Bd3 h6 9. Bh4 a6 10. cxd5 exd5 11. 0-0 Re8 12. Qc2 Nb6 13. h3 Be6 14. Rfe1 1-0

[Event "FICGS class A 000121 email"]
[Site "FICGS email"]
[Date "2012.05.11"]
[Round "1"]
[White "Vezzani, Stefano"]
[Black "Oortwijn, Ron"]
[Result "1-0"]
[WhiteElo "2162"]
[BlackElo "2067"]
[PlyCount "83"]
[EventDate "2012.??.??"]
[EventType "tourn (corr)"]
[EventRounds "6"]
[SourceTitle "Corr 2022"]
[Source "ChessBase"]
[SourceDate "2021.10.24"]
[SourceVersion "1"]
[SourceVersionDate "2021.10.24"]
[SourceQuality "1"]

1. d4 e6 2. Nc3 d5 3. Bf4 Bd7 4. e3 Nf6 5. Nf3 a6 6. Bd3 c5 7. 0-0 Nc6 8. dxc5 Bxc5 9. e4 d4 10. Ne2 Nh5 11. e5 Nxf4 12. Nxf4 h5 13. Be4 Qc7 14. Qe2 h4 15. Nd3 Ba7 16. Rac1 h3 17. g3 Rd8 18. c4 dxc3 19. Rxc3 Qa5 20. Rfc1 Kf8 21. Ra3 Qc7 22. Nb4 Rh5 23. Rd3 a5 24. Nxc6 Bxc6 25. g4 Rh6 26. Rxd8+ Qxd8 27. Bxc6 bxc6 28. Qa6 Qb6 29. Qxb6 Bxb6 30. Rxc6 Bd8 31. Ne1 Ke8 32. Nd3 Kd7 33. Ra6 Bc7 34. f3 Rh8 35. Nc5+ Kc8 36. Ra8+ Bb8 37. Kf1 Rh6 38. Kf2 Kc7 39. Na6+ Kb6 40. Rxb8+ Kxa6 41. Kg3 Rh7 42. a4 1-0

[Event "FICGS rapid M 000050 email"]
[Site "FICGS email"]
[Date "2011.12.13"]
[Round "1"]
[White "Bernal Varela, Nelson"]
[Black "Oortwijn, Ron"]
[Result "1/2-1/2"]
[WhiteElo "2130"]
[BlackElo "2107"]
[PlyCount "44"]
[EventDate "2011.??.??"]
[EventType "tourn (rapid)"]
[EventRounds "2"]
[SourceTitle "Corr 2022"]
[Source "ChessBase"]
[SourceDate "2021.10.24"]
[SourceVersion "1"]
[SourceVersionDate "2021.10.24"]
[SourceQuality "1"]

1. e4 e5 2. Nf3 Nf6 3. Nxe5 d6 4. Nf3 Nxe4 5. d4 d5 6. Bd3 Nc6 7. 0-0 Be7 8. c4 Nb4 9. cxd5 Nxd3 10. Qxd3 Qxd5 11. Re1 Bf5 12. g4 Bg6 13. Nc3 Nxc3 14. Qxc3 f6 15. Nh4 Kf7 16. Qxc7 Rhe8 17. Nxg6 hxg6 18. Bf4 Rad8 19. Rad1 Rd7 20. Qc2 Qxa2 21. Re4 g5 22. Bd2 Qd5 1/2-1/2

[Event "FICGS rapid M 000050 email"]
[Site "FICGS email"]
[Date "2011.12.13"]
[Round "1"]
[White "Groves, Don"]
[Black "Oortwijn, Ron"]
[Result "1/2-1/2"]
[WhiteElo "2124"]
[BlackElo "2107"]
[PlyCount "52"]
[EventDate "2011.??.??"]
[EventType "tourn (rapid)"]
[EventRounds "2"]
[SourceTitle "Corr 2022"]
[Source "ChessBase"]
[SourceDate "2021.10.24"]
[SourceVersion "1"]
[SourceVersionDate "2021.10.24"]
[SourceQuality "1"]

1. e4 e5 2. Nf3 Nf6 3. Nxe5 d6 4. Nf3 Nxe4 5. d4 d5 6. Bd3 Nc6 7. 0-0 Be7 8. c4 Nb4 9. cxd5 Nxd3 10. Qxd3 Qxd5 11. Re1 Bf5 12. g4 Bg6 13. Nc3 Nxc3 14. Qxc3 f6 15. Nh4 Kf7 16. Qxc7 Rhe8 17. Nxg6 hxg6 18. h3 Rac8 19. Qg3 Ba3 20. Rxe8 Rxe8 21. Qc7+ Re7 22. Qc3 Bd6 23. Be3 Rc7 24. Qd3 Qf3 25. Qf1 Rc2 26. Qb5 Re2 1/2-1/2

[Event "FICGS rapid M 000050 email"]
[Site "FICGS email"]
[Date "2011.12.13"]
[Round "1"]
[White "Oortwijn, Ron"]
[Black "Morrow, Wolff"]
[Result "0-1"]
[WhiteElo "2107"]
[BlackElo "2257"]
[PlyCount "122"]
[EventDate "2011.??.??"]
[EventType "tourn (rapid)"]
[EventRounds "2"]
[SourceTitle "Corr 2022"]
[Source "ChessBase"]
[SourceDate "2021.10.24"]
[SourceVersion "1"]
[SourceVersionDate "2021.10.24"]
[SourceQuality "1"]

1. c4 Nf6 2. Nc3 e5 3. g3 Bb4 4. Bg2 0-0 5. Nf3 Re8 6. 0-0 e4 7. Nd4 Nc6 8. Nc2 Bxc3 9. dxc3 h6 10. Ne3 b6 11. Qc2 Bb7 12. Rd1 Ne5 13. a4 a5 14. b3 Neg4 15. Nxg4 Nxg4 16. h3 Nf6 17. Bf4 d6 18. Be3 Qe7 19. Rab1 Qe6 20. Rd2 Nh5 21. Qa2 Bc6 22. Rbd1 f5 23. Bxb6 cxb6 24. Rxd6 Qc8 25. b4 axb4 26. c5+ Kf8 27. cxb6 Bxa4 28. Qd5 Re7 29. Rd8+ Qxd8 30. Qxf5+ Nf6 31. Rxd8+ Rxd8 32. Qa5 Bc6 33. Qxb4 Nd7 34. c4 Rb8 35. c5 Re5 36. Kh2 Kg8 37. h4 Nxc5 38. Qc3 Rbe8 39. Qc4+ Kh8 40. Bh3 Rd5 41. Bg2 Bb7 42. Qb4 Re6 43. g4 Kg8 44. f4 exf3 45. Bxf3 Rde5 46. Kg3 Ne4+ 47. Kh2 Re7 48. Qa4 R5e6 49. Qa5 Kh7 50. Qb4 g6 51. Qb5 Nf6 52. h5 Kg7 53. hxg6 Ne4 54. Qb2+ Kxg6 55. Qb1 Kf7 56. Qb2 Ng5 57. Kg3 Rf6 58. Qb5 Nxf3 59. Qc4+ Kf8 60. exf3 Rxf3+ 61. Kh2 Ref7 0-1

[Event "FICGS rapid M 000048 email"]
[Site "FICGS email"]
[Date "2011.10.02"]
[Round "1"]
[White "Koch, Christian"]
[Black "Oortwijn, Ron"]
[Result "1-0"]
[WhiteElo "2190"]
[BlackElo "2117"]
[PlyCount "127"]
[EventDate "2011.??.??"]
[EventType "tourn (rapid)"]
[EventRounds "1"]
[SourceTitle "Corr 2022"]
[Source "ChessBase"]
[SourceDate "2021.10.24"]
[SourceVersion "1"]
[SourceVersionDate "2021.10.24"]
[SourceQuality "1"]

1. e4 c5 2. Nf3 d6 3. d4 cxd4 4. Nxd4 Nf6 5. Nc3 a6 6. Be3 e5 7. Nb3 Be6 8. f4 exf4 9. Bxf4 Nc6 10. Qe2 Be7 11. h3 0-0 12. 0-0-0 Qc7 13. Kb1 Ne5 14. g4 b5 15. g5 Nfd7 16. Nd5 Bxd5 17. exd5 Rae8 18. Qh2 Nc5 19. Nd4 Na4 20. h4 Qc5 21. Nb3 Qc7 22. Bc1 Bd8 23. Qg3 Qa7 24. Nd4 Bb6 25. Nc6 Bf2 26. Qxe5 dxe5 27. Nxa7 Bxa7 28. Bh3 Rd8 29. d6 b4 30. d7 Bd4 31. Rxd4 exd4 32. Rd1 h6 33. Rxd4 Nb6 34. gxh6 f5 35. hxg7 Rf7 36. Rxb4 Nxd7 37. b3 Kxg7 38. Ra4 Nf8 39. Kb2 Rd6 40. Bf4 Re6 41. Bd2 Rd6 42. Bb4 Rb6 43. Bc3+ Kh6 44. Bd2+ Kg6 45. Ra5 f4 46. Bg4 Kg7 47. Bf3 Ne6 48. c4 Kf8 49. Bc3 Nc7 50. h5 Kg8 51. Be5 Kh7 52. Kc3 Re6 53. a4 Rfe7 54. Kd4 Rd7+ 55. Ke4 Rf7 56. b4 Rb6 57. Bc3 Rc6 58. Re5 a5 59. bxa5 Rxc4+ 60. Kd3 Rxa4 61. Kc2 Ra2+ 62. Bb2 Kg7 63. Rg5+ Kf8 64. Kb3 1-0